Bhartiya Janata Party: periphery to centre (Record no. 396257)

000 -LEADER
fixed length control field 00551cam a22001697a 4500
008 - FIXED-LENGTH DATA ELEMENTS--GENERAL INFORMATION
fixed length control field 180718b2001 xxu||||| |||| 00| 0 eng d
020 ## - INTERNATIONAL STANDARD BOOK NUMBER
International Standard Book Number 8175410787
082 ## - DEWEY DECIMAL CLASSIFICATION NUMBER
Classification number F51x5406 B469b
100 ## - MAIN ENTRY--PERSONAL NAME
Personal name Bhambhri, C.P.
245 ## - TITLE STATEMENT
Title Bhartiya Janata Party: periphery to centre
Statement of responsibility, etc. by C.P. Bhambhri
260 ## - PUBLICATION, DISTRIBUTION, ETC.
Place of publication, distribution, etc. Delhi
Name of publisher, distributor, etc. Shipra
Date of publication, distribution, etc. 2001
300 ## - PHYSICAL DESCRIPTION
Extent 348p.
650 ## - SUBJECT ADDED ENTRY--TOPICAL TERM
Topical term or geographic name entry element Ideology - Bharatiya Janata Pary
650 ## - SUBJECT ADDED ENTRY--TOPICAL TERM
Topical term or geographic name entry element Bharatiya Janata Party - Rules and practice
650 ## - SUBJECT ADDED ENTRY--TOPICAL TERM
Topical term or geographic name entry element Political parties - Bharatiya Janata Party - India
650 ## - SUBJECT ADDED ENTRY--TOPICAL TERM
Topical term or geographic name entry element Political parties - India
Holdings
Withdrawn status Lost status Damaged status Not for loan Permanent Location Current Location Date acquired Full call number Barcode Date last seen Price effective from Koha item type
        Indian Institute of Public Administration Indian Institute of Public Administration 2001-03-13 F51x5406 B469b 76531 2018-07-21 2018-07-21 Book

Powered by Koha